| 000 | 00520nam a22002057a 4500 | ||
|---|---|---|---|
| 003 | OSt | ||
| 005 | 20240424120816.0 | ||
| 008 | 240424b |||||||| |||| 00| 0 eng d | ||
| 020 | _a0131858742 | ||
| 040 | _cDDC | ||
| 082 | _a515.63 COL 2006 | ||
| 100 |
_aColley, Susan Jane _93329 |
||
| 245 | _aVector Calculus | ||
| 250 | _a3rd ed. | ||
| 260 |
_aNew Jersey; _bPearson Prentice, 2006 |
||
| 300 |
_axv,551p;Col. ill: _c26cm |
||
| 504 | _aAnswers ,& index included | ||
| 650 |
_aCalculus _9764 |
||
| 942 |
_2ddc _cO_SHELF |
||
| 999 |
_c8306 _d8306 |
||